Quizzes
Events
Quiz Creation
Community
Videos
Private Events
Remove Ads
Sign In
Join for FREE
Feedback
Dark Mode
Quiz Categories
Sports
Geography
Music
Movies
Television
Just For Fun
Miscellaneous
History
Literature
Language
Science
Gaming
Entertainment
Religion
Holiday
For Kids
Quiz Lab
Recent
Popular Today
Quiz Kudos Today
Editor Picks
Curator Picks
Quizzes by...
Day
Popularity
Type
Ratings
Length
Year
Community
Subscriptions
Recent Discussions
Orange Saloon
Badges
Playlists
Quests
Create
Leaderboards
Showdown
Live 5
Trivia Bingo
Activity
Puzzle Library
Sporcle Events
Private Events
Virtual Trivia
Globe League
Become a Host
Pub Owners
SporcleCon
Opinionation
Our Games
Videos
Blog
Mobile Apps
Partnerships
Remove Ads and Go Orange
Feedback
Movies
Disney
Marvel Cinematic Universe
Movie Resume
Movie Titles
Oscar
Actor
Actress
Director
Pixar
Role
Movie Quotes
Movie Characters
Box Office
Nominee
Best Picture
Star Wars
James Bond
Horror Movies
Movies
Disney
Marvel Cinematic Universe
Movie Resume
Movie Titles
Oscar
Actor
Actress
Director
Pixar
Role
Movie Quotes
Movie Characters
Box Office
Nominee
Best Picture
Star Wars
James Bond
Horror Movies
Random Quiz
Search Sporcle
×
Quiz Lab
Quiz Lab
Movies
Nintendo
Type in answers that appear in a list
Type in answers that appear in a list
Classic
Best Score? Go Orange.
The Flintstones Cartoon Films Stats
Can you name the Flintstones Cartoon Films?
By
tatty16
4m
10 Questions
68 Plays
68 Plays
68 Plays
Comments
Comments
Give Quiz Kudos
Give Quiz Kudos
-
- Ratings
hide this ad
Replay
Link that replays current quiz
Next Quiz
Link to next quiz in quiz playlist
You Got
0%
They Got
Avg Score
41%
Avg Friend Score
Upgrade to see
Score Distribution
Jump to the score distribution portion of the page
Score
0/10
Timer
04:00
0
Plays Today
Info
Film
% Correct
When top agent Rock Slag (who resembles Fred) is put out of commission, Chief recruits Fred to take Slag's mission: To go to Eurock and capture the Green Goose.
The Man Called Flintstone
82.4%
Elroy Jetson invents a time machine that takes him back to prehistoric times, where he meets the Flintstone family.
The Jetsons Meet The Flintstones
54.4%
When Santa has an accident at Fred's house on Christmas Eve, Fred and Barney have to continue his run for him.
A Flintstones Christmas
52.9%
A grown-
up Pebbles and Bamm-
Bamm get married.
I Yabba-Dabba Do!
52.9%
Fred is cast as Ebenezer Scrooge in a stage adaption of the story, but is acting a bit stingy in real life.
A Flintstones Christmas Carol
42.6%
Pebbles and Bamm-
Bamm, now married, soon become blessed: Pebbles is pregnant, so the Flintstones and the Rubbles go to Hollyrock and stay with them.
Hollyrock-a-Bye Baby
29.4%
The Flintstones and Rubbles win a trip on 'Make a Deal or Don't' to Count Rockula's castle where they have an unpleasant meeting with the Count and his servant Frankenstone.
The Flintstones Meet Rockula And Frankenstone
26.5%
With their marriage on the rocks, Fred and Wilma take a second honeymoon together to rekindle the fire in their relationship.
The Flintstones: On The Rocks
26.5%
A caveless kid comes to live with the Flintstones on Christmas and ends up getting stuck in prison right before Fred is going to play Santa Claus in the Bedrock parade.
A Flintstones Family Christmas
25%
Fred manages a little league baseball team that seems absolutely hopeless, except for a player that he blindly refuses to recognize.
The Flintstones: Little Big League
23.5%
Quiz Playlist
Details
Report
Send in Message
Add To Playlist
Classic:
Type in answers that appear in a list
Last Updated: Feb 16, 2017
Quiz Scoreboard
CHALLENGE
Sign Up to Join the Scoreboard
Show All
Scores
Hide
Comments
May contain spoilers
Recently Published
An Introduction to Baseball
by treessimontrees
Sports
5m
Movies - When Are They Set?
by FPL_Elf
Movies
5m
Popular People in 1961
by mucciniale
History
6m
More to Explore
Quiz From the Vault
Featured Blog Post
Where Did the Easter Bunny Come From?
hide this ad
You Might Also Like...
Tags
Cartoons Quiz
Nintendo Quiz
Today's Top Quizzes in Movies
Browse Movies
hide this ad
Today's Top Quizzes in Nintendo
Browse Nintendo
Top Contributed Quizzes in Movies
1
Pick 5 Posters: Directed by Spielberg
2
Multi-Oscar Nominations, One Movie, One Winner
3
12 Movies about Fictional 1960s Events
4
One Thing in Common: Movies
5
Sunday Crossword: Film Score Composers
6
One Thing in Common: Movies II
7
Pick 5 Posters: Lowest-Rated Spielberg
8
Three Word 'H' Movies Match Up
9
Three Word 'T' Movies Match Up
10
7-to-1: Pixar Characters
Explore More
Trending Topics
NBA
Marvel
Anime
Crossword
Harry Potter
Kpop
Disney
Country
The Office
WWE
Soccer
NFL
Pokémon
Song
Puzzle
hide this ad
More By:
tatty16
Quiz
Plays
Rating
Category
Featured
Created
Disney Films in order (clickable)
12,162
3.97
Movies
Mar 28, 2012
Disney lyrics (clickable)
10,870
4.38
Movies
Apr 1, 2012
Cartoon couples (clickable)
9,554
3.43
Television
Mar 30, 2012
Disney films mixed up (clickable)
9,245
3.68
Just For Fun
Apr 16, 2012
Disney Characters Behind the Letters
6,787
4.50
Just For Fun
Feb 29, 2012
Go to Creator's Profile
Score Distribution
Quiz Creator Spotlight
tatty16
Follow
Send a Message
Quizzes Created
-
Created Quiz Play Count
-
More By This Creator
Popular Quizzes Today
1
Find the Countries of Europe - No Outlines Minefield
2
Find the US States - No Outlines Minefield
3
The Countries of the World
4
Popular People in 1961
5
US States
6
1-10 Letter E Words III
7
Find the US States
8
Risky Map Clicking: Biggest States A-Z
More Movies Quizzes
Illumination, Illumination, ILLUMINATION!!!
Quiz Lab
Trending Quizzes
Risky Map Clicking: Least Populous States A-Z
1-10 Letter F Words
1-10 Letter G Words
One Thing in Common: United Kingdom
Risky Map Clicking: Next State Alphabetically
Recently Updated
Leaping Animals
pecheneg
Reality TV Shows (A-Z)
bhenderson79
Rickey Henderson's Hall of Fame Teammates
pecheneg
Champions League XIs: Arsenal
pecheneg
Quick Pick: Celebrities in WWE's Hall of Fame
aduchscher
A-Z Keypad Blitz II
pecheneg
Multiple Oscar Actors
pecheneg
Mystery Phrase Blitz: Oscar 'Best Actors'
pecheneg
F. Scott Fitzgerald Novels
LTH
Pick 3 Villains
ddd62291
Trending Topics
Disney
Marvel
Crossword
Anime
NBA
Kpop
Harry Potter
Soccer
Pokémon
WWE
NFL
The Office
Country
Puzzle
Song
Your Account Isn't Verified!
In order to create a playlist on Sporcle, you need to verify the email address you used during registration. Go to your
Sporcle Settings
to finish the process.
Report this User
Report this user for behavior that violates our
Community Guidelines
.
Details:
Send Report
Go to the Sporcle.com Mobile Site →
Comments